00807nam a2200205Ia 4500001001000000003000500010005001700015008004100032010001100073040000900084100002500093245018200118260003400300300002000334502010600354650003900460650002600499650002600525710005000551Para_9207CHAP20220818141633.0220125s2006 xx 000 0 und d a207924 cCHAP aLópez Osorio, Eder aCaracterización fenotípica de plántulas de jitomate criollo (Lycopersicon esculetum Mill.) en condiciones de invernadero en Chapingo, México /c por Eder López Osorio aChapingo, Méx. :b el autor a23 h + Apénd. aTesis (Ing. Agr. Esp. en Parasitología Agrícola) -- UACh. Departamento Parasitología Agrícola aTomate x Anatomia y fisiología  aTomate x crecimiento aTomate x variedades  aUACh. Departamento Parasitología Agrícola